আমার ভালোবাসার দেশ / (Record no. 1160)
[ view plain ]
| 000 -LEADER | |
|---|---|
| fixed length control field | 00709nam a2200241 a 4500 |
| 001 - CONTROL NUMBER | |
| JCCL Control Number | 1160 |
| 003 - CONTROL NUMBER IDENTIFIER | |
| JCCL marc code | BD-JhCC |
| 005 - DATE AND TIME OF LATEST TRANSACTION | |
| control field | 20171016172102.0 |
| 008 - FIXED-LENGTH DATA ELEMENTS--GENERAL INFORMATION | |
| fixed length control field | 171016s2001 bg |||| ||a| 000 0 ben d |
| 020 ## - INTERNATIONAL STANDARD BOOK NUMBER | |
| International Standard Book Number | 9844652472 |
| 035 ## - SYSTEM CONTROL NUMBER | |
| system control number | (BD-JhCC) 1160 |
| 040 ## - CATALOGING SOURCE | |
| Original cataloging agency | BD-JhCC |
| Modifying agency | BD-JhCC |
| 041 ## - LANGUAGE CODE | |
| Language code of Book | ben |
| 082 ## - DEWEY DECIMAL CLASSIFICATION NUMBER | |
| Classification number | 323.65 |
| Author mark and Year | RAY 2001 |
| 100 ## - MAIN ENTRY--PERSONAL NAME | |
| Personal name | রায়, অন্নদাশঙ্কর |
| 245 ## - TITLE STATEMENT | |
| Title | আমার ভালোবাসার দেশ / |
| Statement of responsibility, etc | অন্নদাশঙ্কর রায় |
| 260 ## - PUBLICATION, DISTRIBUTION, ETC. (IMPRINT) | |
| Place of publication, distribution, etc | ঢাকা: |
| Name of publisher, distributor, etc | সাহিত্য প্রকাশ, |
| Date of publication, distribution, etc | 2001 |
| 300 ## - PHYSICAL DESCRIPTION | |
| Pagination | 191 p.: |
| Dimensions | 22 cm. |
| 650 ## - SUBJECT ADDED ENTRY--TOPICAL TERM | |
| Topical term or geographic name as entry element | Patriotism |
| 651 ## - SUBJECT ADDED ENTRY--GEOGRAPHIC NAME | |
| Geographic name | Bangladesh |
| 942 ## - ADDED ENTRY ELEMENTS (KOHA) | |
| Source of classification or shelving scheme | Dewey Decimal Classification |
| Koha item type | Books |
| Source of classification or shelving scheme | Damaged status | Not for loan | Home library | Current library | Shelving location | Date of accession | Cost, normal purchase price | Total Checkouts | Full call number | Barcode | Date last seen | Copy number | Koha item type |
|---|---|---|---|---|---|---|---|---|---|---|---|---|---|
| Dewey Decimal Classification | JCC Rouf Library | JCC Rouf Library | General Stacks | 10/16/2017 | 125.00 | 323.65 RAY 2001 | 2188 | 10/16/2017 | C-1 | Books |